Countries with cities named after U.S. states - Statistics

General Stats
  • This quiz has been taken 38 times
  • The average score is 6 of 10
Answer Stats
# of Cities with U.S. state names Country % Correct
4 United Kingdom
92%
7 Mexico
87%
2 Australia
68%
6 Brazil
68%
87 United States
63%
3 Colombia
61%
4 Italy
47%
2 South Africa
47%
2 El Salvador
24%
3 Honduras
21%
No matching quizzes found
Score Distribution
Percent of People with Each Score
Percentile by Number Answered
Your Score History
You have not taken this quiz